Quality of Service in a Cisco Networking Environment /

Contenido: 1. Significado de Calidad en el Servicio; 2. Trabajo en la capa 2; 3. Calidad en el servicio en una red de área amplia; 4. DiffServ y MPLS; 5. El protocolo de reservación de recursos; 6. Técnicas de realce de la calidad en el servicio; 7. Monitoreo de la red.

Guardado en:
Bibliografiske detaljer
Hovedforfatter: Held, Gilbert (autor)
Format: Bog
Sprog:engelsk
Udgivet: Chichester, Inglaterra : Wiley, 2002, c2002
Fag:
Tags: Tilføj Tag
Ingen Tags, Vær først til at tagge denne postø!

MARC

LEADER 00000nam^a2200000^a^4500
001 000154143
005 20250521000000.0
009 20260310100343.914
020 |a 0-470-84425-6 
037 |a Acervo ITESO - Biblioteca 
041 |a ING 
082 |a 621. 38217  |b HEL 
100 |a Held, Gilbert  |e (autor) 
245 1 0 |a Quality of Service in a Cisco Networking Environment /  |c G. Held. 
264 4 |a Chichester, Inglaterra :  |b Wiley,  |c 2002, c2002 
300 |a XIV, 184 p. 
336 |a texto  |b txt  |2 rdacontenido 
337 |a sin mediación  |b n  |2 rdamedio 
338 |a volumen  |b nc  |2 rdasoporte 
520 |a Contenido: 1. Significado de Calidad en el Servicio; 2. Trabajo en la capa 2; 3. Calidad en el servicio en una red de área amplia; 4. DiffServ y MPLS; 5. El protocolo de reservación de recursos; 6. Técnicas de realce de la calidad en el servicio; 7. Monitoreo de la red. 
649 |a XX 
650 |a Calidad de Servicio (Cómputo) 
650 |a Internet -  |x Aspectos Tecnológicos 
650 |a Redes de Computadoras 
650 |a Comunicación en Red 
650 |a Sistemas de Telecomunicación 
650 |a Ingeniería Computacional 
650 |a Ingeniería Electrónica 
910 |a Fondo General 
920 |a Impresos - Libros 
930 |a Colección General 
905 |a 101 
901 |a 0500085948  |b IT1  |c ACC  |u 20250521 
902 |a https://opac.biblio.iteso.mx/vufind/Record/000154143